Elements on Periodic Table - Statistics

General Stats
  • This quiz has been taken 31 times
  • The average score is 7 of 12
Answer Stats
Picture Answer % Correct
Gold
97%
Silver
86%
Copper
79%
Helium
76%
Neon
72%
Oxygen
72%
Hydrogen
55%
Lithium
55%
Fluorine
52%
Argon
21%
Nitrogen
21%
Tungsten
21%
No matching quizzes found
Score Distribution
Percent of People with Each Score
Percentile by Number Answered
Your Score History
You have not taken this quiz